Gulliver's travels
Zapisane w:
| 1. autor: | |
|---|---|
| Format: | Książka |
| Język: | Undetermined |
| Wydane: |
London
Everyman's Library
1991
|
| Hasła przedmiotowe: | |
| Etykiety: |
Dodaj etykietę
Nie ma etykietki, Dołącz pierwszą etykiete!
|
| Thư viện lưu trữ: | Trung tâm Học liệu Trường Đại học Cần Thơ |
|---|
| LEADER | 00483nam a2200181Ia 4500 | ||
|---|---|---|---|
| 001 | CTU_27345 | ||
| 008 | 210402s9999 xx 000 0 und d | ||
| 082 | |a 828.9915 | ||
| 082 | |b S977 | ||
| 100 | |a Jonathan Swift | ||
| 245 | 0 | |a Gulliver's travels | |
| 245 | 0 | |c Jonathan Swift | |
| 260 | |a London | ||
| 260 | |b Everyman's Library | ||
| 260 | |c 1991 | ||
| 650 | |a irish literature - 18th century | ||
| 904 | |i Minh, 981216 | ||
| 980 | |a Trung tâm Học liệu Trường Đại học Cần Thơ | ||